| 000 | 00000nam 2200000zi 4500 |
| 001 | 9.922326 |
| 003 | CaOODSP |
| 005 | 20250922115036 |
| 006 | m o d f |
| 007 | cr bn||||||||| |
| 008 | 230505s1974 oncb ob f000 0 eng d |
| 040 | |aCaOODSP|beng|erda|cCaOODSP |
| 041 | 0 |aeng|beng|bfre |
| 043 | |an-cn-qu |
| 045 | |ax7x7 |
| 086 | 1 |aEn42-1/5-74-1E-PDF |
| 100 | 1 |aTennant, A. D., |eauthor. |
| 245 | 10|aBacteriological water quality data, beach areas, Gatineau Park lakes, National Capital Commission, 1973 / |cby A.D. Tennant, J.A.P. Bastien, R. Toxopeus, J.P. Hayes and M. Beauchamp, Bacteriological Laboratories, Technology Development Branch, Water Pollution Control Directorate. |
| 264 | 1|aOttawa : |bEnvironment Canada, Environmental Protection = Environnement Canada, Protection de l'environnement, |c1974. |
| 300 | |a1 online resource (iii, 45 pages) : |bmaps. |
| 336 | |atext|btxt|2rdacontent |
| 337 | |acomputer|bc|2rdamedia |
| 338 | |aonline resource|bcr|2rdacarrier |
| 490 | 1 |aEnvironmental Protection Service report series |
| 500 | |a"Report number EPS 5-WP-74-1." |
| 500 | |a"February, 1974." |
| 500 | |aOn cover: Surveillance report, EPS 5-WP-74-1. |
| 500 | |aDigitized edition from print [produced by Environment and Climate Change Canada]. |
| 504 | |aIncludes bibliographical references (page 19). |
| 546 | |aIncludes abstracts in English and French. |
| 650 | 0|aWater quality|zQuébec (Province)|zGatineau Park. |
| 650 | 0|aWater quality|zOttawa River (Québec and Ont.) |
| 650 | 0|aBacterial pollution of water|zQuébec (Province)|zGatineau Park. |
| 650 | 0|aBacterial pollution of water|zOttawa River (Québec and Ont.) |
| 650 | 0|aEnterobacteriaceae|xEnvironmental aspects|zQuébec (Province)|zGatineau Park. |
| 650 | 0|aEnterobacteriaceae|xEnvironmental aspects|zOttawa River (Québec and Ont.) |
| 650 | 0|aStreptococcus|xEnvironmental aspects|zQuébec (Province)|zGatineau Park. |
| 650 | 0|aStreptococcus|xEnvironmental aspects|zOttawa River (Québec and Ont.) |
| 650 | 6|aEau|xQualité|zQuébec (Province)|zParc de la Gatineau. |
| 650 | 6|aEau|xQualité|zOutaouais, Rivière des (Québec et Ont.) |
| 650 | 6|aEau|xPollution bactérienne|zQuébec (Province)|zParc de la Gatineau. |
| 650 | 6|aEau|xPollution bactérienne|zOutaouais, Rivière des (Québec et Ont.) |
| 650 | 6|aEntérobactériacées|xAspect de l'environnement|zQuébec (Province)|zParc de la Gatineau. |
| 650 | 6|aEntérobactériacées|xAspect de l'environnement|zOutaouais, Rivière des (Québec et Ont.) |
| 650 | 6|aStreptococcus|xAspect de l'environnement|zQuébec (Province)|zParc de la Gatineau. |
| 650 | 6|aStreptococcus|xAspect de l'environnement|zOutaouais, Rivière des (Québec et Ont.) |
| 710 | 1 |aCanada. |bEnvironmental Protection Service, |eissuing body. |
| 710 | 1 |aCanada. |bWater Pollution Control Directorate, |eissuing body. |
| 830 | #0|aEnvironmental Protection Service report series.|w(CaOODSP)9.866031 |
| 856 | 40|qPDF|s2.35 MB|uhttps://publications.gc.ca/collections/collection_2023/eccc/en42/En42-1-5-74-1-eng.pdf |